000 00665nam a2200205Ii 4500
003 JO-AjNU
008 230605s9999||||xx |||||||||||||| ||und||
017 _a1986/1346
040 _aJO-AjNU
_bara
_erda
_cJO-AjNU
041 _aara
050 1 4 _aPJ7515.Q2992 1987
100 3 _aالقيسي، نوري حمودي,
_eauthor
_940768
245 0 0 _aمحاولات في دراسة إجتماع الأدب
264 3 1 _aبغداد: دار الشؤون الثقافية، 1987
300 _a203ص
336 _atext
_btxt
_2rdacontent
337 _aunmediated
_bn
_2rdamedia
338 _avolume
_bnc
_2rdacarrier
650 4 _aالأدب - علم إجتماع
_940769
999 _aA17328
_c20896
_d20896